Las invariantes pedagógicas y la Pedagogía Freinet cincuenta años después

محفوظ في:
التفاصيل البيبلوغرافية
المؤلف الرئيسي: Imbernón Muñoz, Francisco (مؤلف)
التنسيق: كتاب
اللغة:الإسبانية
منشور في: Barcelona Graó 2010
الطبعة:1a. ed
سلاسل:Fundamentos de la Educación, 278
الموضوعات:
الوسوم: إضافة وسم
لا توجد وسوم, كن أول من يضع وسما على هذه التسجيلة!

MARC

LEADER 00000nam a2200000 a 4500
001 UCG5761
003 CL-VaPUC
008 110317e20101000SP |||||||||||||||||spa|d
020 |a 9788478279883 
082 0 4 |a 371.39  |b IMB  |2 21 
100 |a Imbernón Muñoz, Francisco  |e author  |9 558233 
245 1 4 |a Las invariantes pedagógicas y la Pedagogía Freinet cincuenta años después 
250 |a 1a. ed 
300 |a 133 p 
942 |c BK 
945 |d 20110317 00:00:00  |a jcampos 
260 |a Barcelona  |b Graó  |c 2010 
600 0 7 |a FREINET, CELESTIN  |2 CL-VaPUC  |9 312183 
650 0 |a Métodos de enseñanza  |9 270413 
650 0 |a Psicología educacional   |9 307830 
650 0 |a Formación profesional de profesores  |9 307493 
650 7 |a EQUIPOS DE TRABAJO  |2 CL-VaPUC  |9 384715 
583 |a last modification  |c 20110317 00:00:00  |k Rodrigo Vera 
490 0 |a Fundamentos de la Educación, 278 
999 |c 344141  |d 344139 
952 |0 0  |1 0  |4 0  |6 371_390000000000000_IMB_2010  |7 0  |8 A  |9 441953  |a BIBEDU  |b BIBEDU  |d 2019-11-22  |i 4756460  |o 371.39 IMB 2010  |p 4756460  |r 2019-11-22  |w 2019-11-22  |y BK  |k EPE